000 00576nam a2200205 4500
003 OSt
005 20260601193527.0
008 260506b |||||||| |||| 00| 0 eng d
020 _a9781580931601
040 _aICI
_bspa
_cICI
050 _aNK1390
_bK57
100 1 _aH. Marcxus, George
_935938
245 1 _aMasters of Modern Design:
_bA critical assessment
_cGeorge H. Marcus
264 _bThe Monacelli Press
_c2005
_aChina
300 _a176 páginas
336 _atexto
_2rdacontent
337 _asin medio
_2rdamedia
338 _avolumen
_2rdacarrier
942 _2lcc
_cB
_n1
999 _c21227
_d21227